[Event "FRA-ch Blitz Online Qual"]
[Site "Europe Echecs INT"]
[Date "2020.05.16"]
[Round "5"]
[White "Kovacs, Klara"]
[Black "Lapitski, Yaraslau"]
[Result "1-0"]
[WhiteElo "2154"]
[BlackElo "1765"]
[PlyCount "111"]
[EventDate "2020.05.16"]
[EventType "swiss (blitz)"]
[EventRounds "15"]
[EventCountry "FRA"]
[SourceTitle "CBM 196 Extra"]
[Source "ChessBase"]
[SourceDate "2020.07.31"]
[SourceVersion "1"]
[SourceVersionDate "2020.07.31"]
[SourceQuality "1"]

1. Nf3 d5 2. g3 Nf6 3. Bg2 c5 4. c4 d4 5. d3 Nc6 6. e3 e5 7. exd4 cxd4 8. 0-0 Be7 9. a3 0-0 10. b4 Bd6 11. c5 Bc7 12. Nbd2 a6 13. Nc4 Be6 14. Qc2 Re8 15. Bg5 h6 16. Bxf6 Qxf6 17. Rae1 Bg4 18. Nfd2 Re7 19. h3 Bf5 20. Ne4 Qg6 21. g4 Be6 22. Ng3 Rae8 23. Re2 Bc8 24. Rfe1 Kh8 25. Qd2 Kg8 26. a4 Nd8 27. b5 axb5 28. axb5 f6 29. Bd5+ Kh8 30. b6 Bb8 31. Be4 Qf7 32. Nf5 Bxf5 33. Bxf5 Ne6 34. Bxe6 Qxe6 35. f4 Qd5 36. fxe5 fxe5 37. g5 h5 38. Rg2 g6 39. Re4 Qxc5 40. Rf2 Qd5 41. Rf6 Kg7 42. Qf2 Rc8 43. Rxg6+ Kxg6 44. Qf6+ Kh7 45. Qxe7+ Kg6 46. Qf6+ Kh7 47. Qh6+ Kg8 48. Qg6+ Kh8 49. Qxh5+ Kg8 50. Qg6+ Kf8 51. Rh4 Rc6 52. Rh8+ Ke7 53. Qg7+ Ke6 54. Rh6+ Kf5 55. Rf6+ Rxf6 56. Qxf6# 1-0

[Event "FRA-ch Blitz Online Qual"]
[Site "Europe Echecs INT"]
[Date "2020.05.16"]
[Round "8"]
[White "Lapitski, Yaraslau"]
[Black "Djidjeli, Sarah"]
[Result "0-1"]
[WhiteElo "1765"]
[BlackElo "2074"]
[PlyCount "58"]
[EventDate "2020.05.16"]
[EventType "swiss (blitz)"]
[EventRounds "15"]
[EventCountry "FRA"]
[SourceTitle "CBM 196 Extra"]
[Source "ChessBase"]
[SourceDate "2020.07.31"]
[SourceVersion "1"]
[SourceVersionDate "2020.07.31"]
[SourceQuality "1"]

1. Nf3 Nf6 2. c4 g6 3. Nc3 Bg7 4. e4 c6 5. d4 d5 6. e5 Ne4 7. Nxe4 dxe4 8. Ng5 c5 9. d5 Bxe5 10. Nxe4 0-0 11. Bd3 e6 12. dxe6 Bxe6 13. 0-0 Qc7 14. Ng3 Nc6 15. Rb1 Rad8 16. Qe2 Nd4 17. Qd1 Nf5 18. Nxf5 Bxf5 19. Re1 Rxd3 20. Qe2 Rdd8 21. Bg5 Rde8 22. Bh6 Bxh2+ 23. Kh1 Rxe2 24. Rxe2 Bxb1 25. Bxf8 Kxf8 26. g3 Bxg3 27. fxg3 Qxg3 28. b3 Bd3 29. Rg2 Be4 0-1